000 00472nam a2200157 a 4500
001 000029568
005 20200930055637.0
008 110418s1981 dr 000 0 spa d
040 _aDO-SdBNP
_bspa
_cBNPHU
082 _axxx
_bR462s
110 1 _aRepública Dominicana
_bSecretaría de Estado de Relaciones Exteriores
_92256
245 1 0 _aLa cooperación internacional.
260 _aSanto Domingo :
_bAmigo del Hogar,
_c1981.
300 _a47 p. ;
_c21 cm.
049 _aBNPD
999 _c29060
_d29060